000 00678nam a22002177a 4500
999 _c14684
_d14684
003 AR-CdUCM
008 190424b ||||| |||| 00| 0 spa d
020 _a978-968-16-7051-1
040 _aMUNICIPALIDAD PROVINCIAL DEL CUSCO
_cBIBLIOTECA MUNICIPAL DEL CUSCO
082 _aPI / 803 /
_bR92
100 _aRueda, Claudia
_933549
245 _aLa suerte de Ozu /
260 _aMéxico :
_bFondo de cultura económica,
_c2014.
300 _bIlustraciones,
_c21 cm.
500 _aNo cuenta con numeración de pagina
650 _aLiteratura infantil
_9588
650 _aFondo de cultura
_933550
650 _aInfancia
_95236
942 _2ddc
_cLIBROS
945 _adavv
_d24/04/2019